00338cam a22000977a 4500008003800000082001800038245008300056260004100139500002700180700003300207180718b-- xxu||||| |||| 00| 0 eng d aI5537x54 In2b aBackground to evolving a national information policycby Lok Sabha Secretariat aNew DelhibLok Sabha Secretariatc-- aLibrary has 1985, 1987 aIndia. Lok Sabha Secretariat